[Event "CZE-chT2E 2122"]
[Site "Czech Republic"]
[Date "2022.03.20"]
[Round "10.5"]
[White "Kisa, Lubomir"]
[Black "Naplava, Pavel"]
[Result "0-1"]
[WhiteElo "2178"]
[BlackElo "2017"]
[PlyCount "70"]
[EventDate "2021.10.17"]
[EventType "team-tourn"]
[EventRounds "11"]
[EventCountry "CZE"]
[SourceTitle "EXT 2024"]
[Source "ChessBase"]
[SourceDate "2023.10.10"]
[SourceVersion "1"]
[SourceVersionDate "2023.10.10"]
[SourceQuality "1"]
[WhiteTeam "Brno VSK Univ"]
[BlackTeam "Borsice"]
[WhiteTeamCountry "CZE"]
[BlackTeamCountry "CZE"]

1. d4 Nf6 2. Nf3 e6 3. g3 d5 4. c4 c6 5. b3 Be7 6. Bg2 0-0 7. 0-0 Nbd7 8. Nbd2 b6 9. Bb2 Bb7 10. Ne5 c5 11. cxd5 exd5 12. Ndf3 Ne4 13. Nxd7 Qxd7 14. Ne5 Qe6 15. Nd3 Bf6 16. Nf4 Qd7 17. Nh5 Qf5 18. Nxf6+ Qxf6 19. Rc1 Rac8 20. Rc2 Qe6 21. Ba3 Rfd8 22. f3 Nf6 23. dxc5 bxc5 24. Qd2 Qb6 25. Bh3 Rc6 26. Kh1 Bc8 27. Bxc8 Rdxc8 28. Bb2 d4 29. e3 dxe3 30. Qxe3 Re6 31. Qg5 h6 32. Qf5 Qa6 33. Rfc1 Rce8 34. Bc3 Re1+ 35. Rxe1 Rxe1+ 0-1

[Event "CZE-chT2E 1920"]
[Site "Czech Republic"]
[Date "2020.01.12"]
[Round "6.4"]
[White "Belik, Dalibor"]
[Black "Naplava, Pavel"]
[Result "1-0"]
[WhiteElo "2232"]
[BlackElo "2037"]
[PlyCount "67"]
[EventDate "2019.10.13"]
[EventType "team-tourn"]
[EventRounds "11"]
[EventCountry "CZE"]
[SourceTitle "EXT 2024"]
[Source "ChessBase"]
[SourceDate "2023.10.10"]
[SourceVersion "1"]
[SourceVersionDate "2023.10.10"]
[SourceQuality "1"]
[WhiteTeam "Lipovec Garde"]
[BlackTeam "Borsice"]
[WhiteTeamCountry "CZE"]
[BlackTeamCountry "CZE"]

1. e4 c5 2. Nf3 Nc6 3. c3 d5 4. exd5 Qxd5 5. d4 Bg4 6. Be2 cxd4 7. cxd4 e6 8. Nc3 Qa5 9. 0-0 Nf6 10. Qb3 Qb4 11. Bg5 Be7 12. Qxb4 Nxb4 13. Bb5+ Kf8 14. Ne5 Bf5 15. Rac1 h6 16. Bxf6 gxf6 17. Nd7+ Kg7 18. a3 Nd3 19. Bxd3 Bxd3 20. Rfd1 Bf5 21. d5 e5 22. d6 Bd8 23. Nc5 b6 24. Na6 Bc8 25. Nc7 Bxc7 26. dxc7 Re8 27. Nb5 Kf8 28. Nd6 Re7 29. Ne4 Re6 30. Rd8+ Ke7 31. g4 h5 32. h3 hxg4 33. hxg4 a5 34. a4 1-0

[Event "CZE-chT2E 1920"]
[Site "Czech Republic"]
[Date "2019.12.15"]
[Round "5.4"]
[White "Naplava, Pavel"]
[Black "Kuchynka, Lukas"]
[Result "0-1"]
[WhiteElo "2037"]
[BlackElo "2309"]
[PlyCount "50"]
[EventDate "2019.10.13"]
[EventType "team-tourn"]
[EventRounds "11"]
[EventCountry "CZE"]
[SourceTitle "EXT 2024"]
[Source "ChessBase"]
[SourceDate "2023.10.10"]
[SourceVersion "1"]
[SourceVersionDate "2023.10.10"]
[SourceQuality "1"]
[WhiteTeam "Borsice"]
[BlackTeam "Orechov Orel"]
[WhiteTeamCountry "CZE"]
[BlackTeamCountry "CZE"]

1. e4 b6 2. d4 Bb7 3. Bd3 Nf6 4. Qe2 Nc6 5. c3 e5 6. Nf3 d6 7. Nbd2 Be7 8. 0-0 0-0 9. a3 Re8 10. Re1 Bf8 11. Nf1 g6 12. Bg5 h6 13. Bh4 Bg7 14. Rad1 Qc8 15. dxe5 Nxe5 16. Nxe5 Rxe5 17. Bg3 Re7 18. Qc2 Bc6 19. e5 dxe5 20. Bxe5 Qe8 21. Qb1 Rxe5 22. Rxe5 Qxe5 23. Re1 Qg5 24. Ng3 Re8 25. Rd1 h5 0-1

[Event "CZE-chT2E 1920"]
[Site "Czech Republic"]
[Date "2019.11.17"]
[Round "3.4"]
[White "Markovic, Ivan1111"]
[Black "Naplava, Pavel"]
[Result "1-0"]
[WhiteElo "2105"]
[BlackElo "2037"]
[PlyCount "113"]
[EventDate "2019.10.13"]
[EventType "team-tourn"]
[EventRounds "11"]
[EventCountry "CZE"]
[SourceTitle "EXT 2024"]
[Source "ChessBase"]
[SourceDate "2023.10.10"]
[SourceVersion "1"]
[SourceVersionDate "2023.10.10"]
[SourceQuality "1"]
[WhiteTeam "Kurim"]
[BlackTeam "Borsice"]
[WhiteTeamCountry "CZE"]
[BlackTeamCountry "CZE"]

1. e4 c5 2. Nf3 Nc6 3. Bb5 Qc7 4. 0-0 a6 5. Bxc6 dxc6 6. d3 Bg4 7. h3 Bh5 8. Nbd2 e6 9. Re1 Be7 10. Nf1 Nf6 11. Ng3 Bg6 12. b3 0-0 13. Bb2 Nh5 14. Nxh5 Bxh5 15. Qe2 Qf4 16. Qe3 Qxe3 17. Rxe3 Bxf3 18. Rxf3 Rad8 19. Re3 Rd7 20. a4 Rfd8 21. a5 g6 22. g3 Bf8 23. Ra4 Re8 24. Rc4 Red8 25. Kg2 Bh6 26. Re2 Bf8 27. f4 f5 28. Kf3 Kf7 29. Ra4 Be7 30. Ra1 Bf6 31. Bxf6 Kxf6 32. exf5 exf5 33. Rae1 Rf7 34. Re6+ Kg7 35. R6e5 Rd5 36. R1e3 Kf6 37. Re6+ Kg7 38. R3e5 Kf8 39. Re8+ Kg7 40. Rxd5 cxd5 41. Rc8 c4 42. dxc4 dxc4 43. Rxc4 Rd7 44. Ke3 Kf6 45. Rd4 Rc7 46. c4 Re7+ 47. Kd2 h5 48. h4 Re6 49. b4 b6 50. axb6 Rxb6 51. c5 Rc6 52. Kc3 a5 53. Kc4 axb4 54. Kxb4 Rc8 55. Kb5 Rb8+ 56. Kc6 Rb3 57. Kd7 1-0

[Event "CZE-chT2E 1112"]
[Site "Czech Republic"]
[Date "2012.02.19"]
[Round "8.8"]
[White "Naplava, Pavel"]
[Black "Knotek, Josef"]
[Result "1-0"]
[WhiteElo "1980"]
[BlackElo "1967"]
[PlyCount "121"]
[EventDate "2011.10.09"]
[EventType "team-tourn"]
[EventRounds "11"]
[EventCountry "CZE"]
[SourceTitle "EXT 2013"]
[Source "ChessBase"]
[SourceDate "2012.11.22"]
[SourceVersion "1"]
[SourceVersionDate "2012.11.22"]
[SourceQuality "1"]
[WhiteTeam "Borsice"]
[BlackTeam "Stare Mesto III"]
[WhiteTeamCountry "CZE"]
[BlackTeamCountry "CZE"]

1. e4 c6 2. d4 d5 3. Nc3 dxe4 4. Nxe4 Nd7 5. Bc4 Ngf6 6. Ng5 e6 7. Ne2 Nb6 8. Bb3 h6 9. Nf3 a5 10. c3 c5 11. 0-0 Qc7 12. Bf4 Bd6 13. dxc5 Bxf4 14. cxb6 Qd6 15. Qc2 Qb8 16. Ba4+ Bd7 17. Rad1 Bd6 18. c4 Bxa4 19. Qxa4+ Kf8 20. Qb5 Be7 21. Nc3 Qe8 22. Ne5 Qxb5 23. Nxb5 g6 24. Nd7+ Kg7 25. Nxf6 Kxf6 26. Rd7 Rab8 27. Rfd1 Rhc8 28. b3 Rc6 29. Rc7 Rxb6 30. Rdd7 Rd8 31. Nc3 Rxd7 32. Rxd7 Bb4 33. Nb5 Bc5 34. Kf1 Kg7 35. Ke2 Kf8 36. Rc7 Be7 37. Rc8+ Kg7 38. Ra8 Bb4 39. a3 Bc5 40. Rxa5 Ra6 41. Rxa6 bxa6 42. b4 Bb6 43. c5 Bd8 44. Nd4 Kf8 45. Kd3 Ke8 46. Kc4 Kd7 47. a4 f6 48. b5 axb5+ 49. axb5 e5 50. Nb3 e4 51. Kd5 f5 52. Nd4 Bg5 53. b6 e3 54. fxe3 Bxe3 55. Ne6 Bg1 56. h3 Kc8 57. Kc6 Bh2 58. b7+ Kb8 59. Kb6 Be5 60. c6 g5 61. c7+ 1-0

[Event "Stare Mesto op"]
[Site "Stare Mesto"]
[Date "2011.08.16"]
[Round "6"]
[White "Naplava, Pavel"]
[Black "Volodin, Viktor Nikolaevich"]
[Result "0-1"]
[WhiteElo "1993"]
[BlackElo "2200"]
[PlyCount "74"]
[EventDate "2011.08.12"]
[EventType "swiss"]
[EventRounds "10"]
[EventCountry "CZE"]
[SourceTitle "CBM 143 Extra"]
[Source "ChessBase"]
[SourceDate "2011.08.29"]
[SourceVersion "1"]
[SourceVersionDate "2011.08.29"]
[SourceQuality "1"]

1. e4 c5 2. c4 e5 3. Nc3 g6 4. g3 Bg7 5. Bg2 d6 6. d3 Nc6 7. Nge2 Be6 8. Be3 Qd7 9. Nd5 f5 10. Nec3 Nd4 11. Rb1 Ne7 12. Qd2 0-0 13. f4 Rae8 14. 0-0 fxe4 15. dxe4 exf4 16. gxf4 Kh8 17. Kh1 Nec6 18. a3 Na5 19. Qd3 Nab3 20. Ne2 Bg4 21. Nxd4 Nxd4 22. Rbe1 a6 23. b4 Qa4 24. h3 Bh5 25. Rf2 Qd7 26. Rb1 Bf3 27. Kh2 Bxg2 28. Kxg2 b5 29. cxb5 axb5 30. Bxd4 Bxd4 31. Rc2 g5 32. bxc5 dxc5 33. Qxb5 Qg7 34. Qb7 Rf7 35. Qc6 gxf4+ 36. Kh1 Rg8 37. Rf1 f3 0-1

[Event "CZE-chT U20 final-B 1011"]
[Site "Czech Republic"]
[Date "2011.04.16"]
[Round "9.2"]
[White "Jelinek, Michal"]
[Black "Naplava, Pavel"]
[Result "0-1"]
[WhiteElo "1762"]
[BlackElo "1868"]
[PlyCount "86"]
[EventDate "2010.10.02"]
[EventType "team-tourn"]
[EventRounds "11"]
[EventCountry "CZE"]
[SourceTitle "EXT 2012"]
[Source "ChessBase"]
[SourceDate "2011.11.24"]
[SourceVersion "1"]
[SourceVersionDate "2011.11.24"]
[SourceQuality "1"]
[WhiteTeam "Praha Oaza (U20)"]
[BlackTeam "Borsice (U20)"]
[WhiteTeamCountry "CZE"]
[BlackTeamCountry "CZE"]

1. d4 Nf6 2. c4 e6 3. Nc3 Bb4 4. a3 Bxc3+ 5. bxc3 b6 6. Bg5 Bb7 7. e3 d6 8. Ne2 Nbd7 9. Nf4 h6 10. Bxf6 Nxf6 11. d5 e5 12. Nd3 0-0 13. Be2 Ne4 14. Qc2 f5 15. Nb4 a5 16. Na2 Bc8 17. Rg1 Qh4 18. Bf3 Ng5 19. Qe2 e4 20. Bh5 Qxh2 21. Kd2 Qe5 22. Raf1 b5 23. f4 exf3 24. Bxf3 bxc4 25. Rb1 Ba6 26. Rgd1 Rae8 27. Rb2 f4 28. Re1 Nxf3+ 29. gxf3 Qxd5+ 30. Kc2 Rxe3 31. Qd2 Qxf3 32. Rxe3 fxe3 33. Qe1 Qf2+ 34. Qxf2 Rxf2+ 35. Kb1 Rxb2+ 36. Kxb2 e2 37. Nc1 e1Q 38. a4 Qd2+ 39. Kb1 Bc8 40. Na2 Bf5+ 41. Ka1 Qd1+ 42. Kb2 Qb3+ 43. Kc1 Qc2# 0-1

[Event "CZE-chT U20 final-B 1011"]
[Site "Czech Republic"]
[Date "2011.04.16"]
[Round "10.2"]
[White "Naplava, Pavel"]
[Black "Rozsafny, Michal"]
[Result "0-1"]
[WhiteElo "1868"]
[BlackElo "1854"]
[PlyCount "66"]
[EventDate "2010.10.02"]
[EventType "team-tourn"]
[EventRounds "11"]
[EventCountry "CZE"]
[SourceTitle "EXT 2012"]
[Source "ChessBase"]
[SourceDate "2011.11.24"]
[SourceVersion "1"]
[SourceVersionDate "2011.11.24"]
[SourceQuality "1"]
[WhiteTeam "Borsice (U20)"]
[BlackTeam "Udlice (U20)"]
[WhiteTeamCountry "CZE"]
[BlackTeamCountry "CZE"]

1. e4 c6 2. d4 d5 3. Nc3 dxe4 4. Nxe4 Nd7 5. Bc4 Ngf6 6. Ng5 e6 7. Ne2 Be7 8. 0-0 h6 9. Nf3 b5 10. Bb3 Bb7 11. a4 0-0 12. c3 a6 13. Nf4 c5 14. Re1 c4 15. Bc2 Nd5 16. Qe2 Nxf4 17. Bxf4 Nf6 18. Ne5 Qd5 19. f3 Qd8 20. Rad1 Nd5 21. Bc1 Bg5 22. Qe4 f5 23. Bxg5 Qxg5 24. Qe2 Nf4 25. Qd2 Bd5 26. g3 Nh3+ 27. Kf1 Qh5 28. Qe2 Ng5 29. h4 Nxf3 30. Kf2 f4 31. Nxf3 fxg3+ 32. Kg1 Bxf3 33. Qxe6+ Kh8 0-1

[Event "CZE-chT2E 1011"]
[Site "Czech Republic"]
[Date "2011.02.20"]
[Round "8.8"]
[White "Benes, Miroslav"]
[Black "Naplava, Pavel"]
[Result "0-1"]
[WhiteElo "1957"]
[BlackElo "1868"]
[PlyCount "46"]
[EventDate "2010.10.17"]
[EventType "team-tourn"]
[EventRounds "11"]
[EventCountry "CZE"]
[SourceTitle "EXT 2012"]
[Source "ChessBase"]
[SourceDate "2011.11.24"]
[SourceVersion "1"]
[SourceVersionDate "2011.11.24"]
[SourceQuality "1"]
[WhiteTeam "Zlin III"]
[BlackTeam "Borsice"]
[WhiteTeamCountry "CZE"]
[BlackTeamCountry "CZE"]

1. c4 e5 2. Nc3 Nc6 3. g3 d6 4. Bg2 g6 5. e3 Bg7 6. Nge2 Be6 7. b3 Qd7 8. Nd5 e4 9. Nec3 f5 10. d4 Nd8 11. Ba3 c6 12. Nf4 Bf7 13. Rc1 Nf6 14. 0-0 g5 15. Nh3 Bh5 16. Qe1 Nf7 17. b4 Bg4 18. Kh1 f4 19. exf4 Bxh3 20. Bxe4 0-0 21. Bg2 Bxg2+ 22. Kxg2 gxf4 23. Qd1 Ng5 0-1

[Event "CZE-chT2E 1011"]
[Site "Czech Republic"]
[Date "2010.11.07"]
[Round "2.7"]
[White "Michalcak, Lubomir"]
[Black "Naplava, Pavel"]
[Result "1-0"]
[WhiteElo "2087"]
[BlackElo "1868"]
[PlyCount "71"]
[EventDate "2010.10.17"]
[EventType "team-tourn"]
[EventRounds "11"]
[EventCountry "CZE"]
[SourceTitle "EXT 2012"]
[Source "ChessBase"]
[SourceDate "2011.11.24"]
[SourceVersion "1"]
[SourceVersionDate "2011.11.24"]
[SourceQuality "1"]
[WhiteTeam "Znojmo"]
[BlackTeam "Borsice"]
[WhiteTeamCountry "CZE"]
[BlackTeamCountry "CZE"]

1. d4 Nf6 2. c4 e6 3. g3 c5 4. Nf3 cxd4 5. Nxd4 d5 6. Bg2 Nc6 7. 0-0 Qb6 8. Nxc6 bxc6 9. Nc3 Ba6 10. cxd5 cxd5 11. Qa4+ Nd7 12. Be3 Qb7 13. Rfd1 Rc8 14. Bd4 Rc4 15. Qc2 f6 16. Qd2 Bd6 17. Qe3 Kf7 18. Bxa7 Qxb2 19. Nxd5 Nc5 20. Nf4 Re8 21. Rdb1 Qe5 22. Rc1 Qxe3 23. fxe3 Rc8 24. Rxc4 Bxc4 25. Rc1 Ba6 26. Nd3 Nd7 27. Rxc8 Bxc8 28. a4 Ba6 29. Bc6 Ne5 30. Bb5 Bb7 31. a5 Ke7 32. a6 Ba8 33. Bb6 Nd7 34. Ba5 Nc5 35. Nb4 Ne4 36. Bc6 1-0

[Event "CZE-chT U20 final-A 0910"]
[Site "Pavla Vlachovice"]
[Date "2010.04.24"]
[Round "10.4"]
[White "Nemcova, Karolina"]
[Black "Naplava, Pavel"]
[Result "1-0"]
[WhiteElo "1892"]
[BlackElo "1914"]
[PlyCount "69"]
[EventDate "2010.04.23"]
[EventType "team-tourn"]
[EventRounds "11"]
[EventCountry "CZE"]
[SourceTitle "EXT 2011"]
[Source "ChessBase"]
[SourceDate "2010.11.26"]
[SourceVersion "1"]
[SourceVersionDate "2010.11.26"]
[SourceQuality "1"]
[WhiteTeam "Praha Oaza (U20)"]
[BlackTeam "Borsice (U20)"]
[WhiteTeamCountry "CZE"]
[BlackTeamCountry "CZE"]

1. e4 c5 2. Ne2 Nc6 3. g3 g6 4. Bg2 Bg7 5. Nbc3 d6 6. 0-0 e6 7. d3 Nge7 8. Be3 0-0 9. Qd2 a6 10. Bh6 f5 11. Bxg7 Kxg7 12. f4 Rb8 13. Rae1 Qc7 14. h3 b5 15. g4 b4 16. Nd1 d5 17. e5 a5 18. Ng3 Ba6 19. Ne3 d4 20. Nc4 Na7 21. Nd6 Nb5 22. gxf5 exf5 23. Nc4 Bc8 24. Bf3 Be6 25. Qg2 Kf7 26. Kh2 Rbd8 27. h4 Ke8 28. Nh1 Kd7 29. Nf2 Kc8 30. Nh3 h6 31. a3 Rg8 32. axb4 axb4 33. Ra1 Kd7 34. Ra6 Na7 35. Rd6+ 1-0

[Event "CZE-ch U16"]
[Site "Kouty nad Desnou"]
[Date "2010.03.12"]
[Round "8"]
[White "Naplava, Pavel"]
[Black "Krusina, Patrik"]
[Result "1-0"]
[WhiteElo "1924"]
[BlackElo "1771"]
[PlyCount "117"]
[EventDate "2010.03.06"]
[EventType "swiss"]
[EventRounds "9"]
[EventCountry "CZE"]
[SourceTitle "EXT 2012"]
[Source "ChessBase"]
[SourceDate "2011.11.24"]
[SourceVersion "1"]
[SourceVersionDate "2011.11.24"]
[SourceQuality "1"]

1. e4 c5 2. c3 d6 3. d4 Nf6 4. Bd3 cxd4 5. cxd4 Nc6 6. Ne2 e6 7. 0-0 Be7 8. Nbc3 0-0 9. a3 b6 10. Be3 Bb7 11. h3 Rc8 12. f4 e5 13. d5 Na5 14. f5 Nd7 15. Rf3 Nc4 16. Bc1 Bg5 17. Rg3 Bxc1 18. Qxc1 a6 19. a4 Na5 20. Qd1 Nc4 21. Rb1 Qh4 22. b3 Na5 23. Qd2 Nc5 24. Bc2 Qf6 25. Rg4 Rc7 26. Ng3 g6 27. Nh5 Qh8 28. b4 Nc4 29. Qg5 Nd7 30. Rf1 h6 31. Qc1 g5 32. f6 Rfc8 33. Rg3 Nf8 34. h4 Ng6 35. hxg5 hxg5 36. Bd1 Kf8 37. Qxg5 Nb2 38. Ne2 Nxd1 39. Rxd1 Rc4 40. Rh3 Rxe4 41. Nhf4 Qg8 42. Nxg6+ fxg6 43. Ng3 Rxb4 44. Qh6+ Kf7 45. Qh7+ Qxh7 46. Rxh7+ Kxf6 47. Rxb7 e4 48. Rd7 Ke5 49. Re7+ Kf4 50. Nxe4 Rxa4 51. Rf1+ Kg4 52. Nxd6 Rc2 53. Re6 Rd4 54. Rxg6+ Kh5 55. Rg8 Rxd5 56. Rf3 Rc1+ 57. Kh2 Rd4 58. Rh3+ Rh4 59. Rh8+ 1-0

[Event "CZE-chTE U20 0910"]
[Site "Czech Republic"]
[Date "2010.01.23"]
[Round "7.3"]
[White "Seidl, Stepan"]
[Black "Naplava, Pavel"]
[Result "1-0"]
[WhiteElo "1964"]
[BlackElo "1914"]
[PlyCount "69"]
[EventDate "2009.10.03"]
[EventType "team-tourn"]
[EventRounds "7"]
[EventCountry "CZE"]
[SourceTitle "EXT 2011"]
[Source "ChessBase"]
[SourceDate "2010.11.26"]
[SourceVersion "1"]
[SourceVersionDate "2010.11.26"]
[SourceQuality "1"]
[WhiteTeam "Bedrichov (U20)"]
[BlackTeam "Borsice (U20)"]
[WhiteTeamCountry "CZE"]
[BlackTeamCountry "CZE"]

1. e4 c5 2. Nf3 e6 3. Nc3 Nc6 4. Bb5 Nge7 5. 0-0 g6 6. e5 a6 7. Ne4 Bg7 8. Nd6+ Kf8 9. Bxc6 Nxc6 10. Re1 Qe7 11. d3 h6 12. c3 Nxe5 13. Nxe5 Qxd6 14. Bf4 Qb6 15. Qf3 Bxe5 16. Bxe5 Rh7 17. Qf4 Qc6 18. Qf6 Qb6 19. d4 cxd4 20. Bxd4 Qc7 21. Be5 Qb6 22. Rad1 Ke8 23. c4 a5 24. c5 Qd8 25. Qf4 f5 26. Qd4 Kf7 27. Rd3 Ra6 28. g4 b6 29. c6 d5 30. gxf5 gxf5 31. Rg3 Qf8 32. Kh1 Qc5 33. Qh4 Qe7 34. Qh5+ Kf8 35. Reg1 1-0

[Event "CZE-chTE U20 0910"]
[Site "Czech Republic"]
[Date "2009.10.23"]
[Round "5.4"]
[White "Naplava, Pavel"]
[Black "Zpevakova, Jana"]
[Result "1-0"]
[WhiteElo "1914"]
[BlackElo "1721"]
[PlyCount "53"]
[EventDate "2009.10.03"]
[EventType "team-tourn"]
[EventRounds "7"]
[EventCountry "CZE"]
[SourceTitle "EXT 2011"]
[Source "ChessBase"]
[SourceDate "2010.11.26"]
[SourceVersion "1"]
[SourceVersionDate "2010.11.26"]
[SourceQuality "1"]
[WhiteTeam "Borsice (U20)"]
[BlackTeam "Stare Mesto (U20)"]
[WhiteTeamCountry "CZE"]
[BlackTeamCountry "CZE"]

1. e4 e6 2. d3 d5 3. Nd2 c5 4. g3 Nc6 5. Bg2 Nf6 6. Ngf3 Be7 7. 0-0 dxe4 8. dxe4 0-0 9. Re1 h6 10. b3 Nh7 11. Bb2 Qc7 12. Qe2 b6 13. Rad1 e5 14. Nc4 Nd4 15. Nxd4 exd4 16. c3 dxc3 17. Bxc3 Be6 18. f4 Rad8 19. f5 Bxc4 20. bxc4 g6 21. g4 Rxd1 22. Rxd1 Re8 23. e5 Nf8 24. Qf3 g5 25. f6 Bd8 26. Qf5 Kh8 27. Rd3 1-0

[Event "CZE-chTE U20 0910"]
[Site "Czech Republic"]
[Date "2009.10.04"]
[Round "3.4"]
[White "Naplava, Pavel"]
[Black "Luczyk, Petr"]
[Result "1-0"]
[WhiteElo "1914"]
[BlackElo "1788"]
[PlyCount "69"]
[EventDate "2009.10.03"]
[EventType "team-tourn"]
[EventRounds "7"]
[EventCountry "CZE"]
[SourceTitle "EXT 2011"]
[Source "ChessBase"]
[SourceDate "2010.11.26"]
[SourceVersion "1"]
[SourceVersionDate "2010.11.26"]
[SourceQuality "1"]
[WhiteTeam "Borsice (U20)"]
[BlackTeam "Orlova (U20)"]
[WhiteTeamCountry "CZE"]
[BlackTeamCountry "CZE"]

1. e4 c5 2. Nf3 e6 3. c3 d5 4. exd5 exd5 5. d4 b6 6. Bd3 Be7 7. 0-0 Nf6 8. Re1 Bg4 9. Qe2 Bxf3 10. Bb5+ Nbd7 11. gxf3 a6 12. Bc6 Rc8 13. Bb7 Rc7 14. Bxa6 Nb8 15. Bb5+ Nc6 16. Bf4 Rc8 17. Nd2 Nh5 18. Bg3 Nxg3 19. fxg3 Qd7 20. dxc5 0-0 21. cxb6 Bc5+ 22. Kh1 Bxb6 23. Nb3 Qd8 24. Rad1 Qf6 25. f4 d4 26. c4 Na7 27. Qe5 Nxb5 28. Qxb5 Qc6+ 29. Qxc6 Rxc6 30. Rc1 Rd8 31. c5 Ba7 32. Red1 Kf8 33. Nxd4 Rxd4 34. Rxd4 Bxc5 35. Re4 1-0

[Event "Stare Mesto op"]
[Site "Stare Mesto"]
[Date "2009.08.18"]
[Round "6"]
[White "Naplava, Pavel"]
[Black "Hrabusa, Matej"]
[Result "0-1"]
[WhiteElo "1908"]
[BlackElo "2219"]
[PlyCount "66"]
[EventDate "2009.08.14"]
[EventType "swiss"]
[EventRounds "10"]
[EventCountry "CZE"]
[SourceTitle "CBM 131 Extra"]
[Source "ChessBase"]
[SourceDate "2009.09.03"]
[SourceVersion "2"]
[SourceVersionDate "2009.09.16"]
[SourceQuality "1"]

1. e4 c5 2. c3 Nf6 3. e5 Nd5 4. d4 cxd4 5. Nf3 Nc6 6. cxd4 d6 7. exd6 e6 8. Nc3 Bxd6 9. Bd3 Be7 10. 0-0 0-0 11. Re1 a6 12. a3 Nxc3 13. bxc3 Qc7 14. Bc2 b5 15. Qd3 g6 16. h4 Bf6 17. Bh6 Rd8 18. Ng5 Bg7 19. Bxg7 Kxg7 20. h5 Qf4 21. Nxh7 f5 22. hxg6 Kxg6 23. Re3 Kxh7 24. Qe2 Ra7 25. Rh3+ Kg8 26. Bb3 Qd6 27. Qh5 Rg7 28. Qxf5 Na5 29. Ba2 Nc4 30. Qh5 Bb7 31. f3 Qd5 32. Qh6 Kf7 33. Rh5 Rxg2+ 0-1

[Event "CZE-ch U16"]
[Site "Kouty nad Desnou"]
[Date "2009.03.14"]
[Round "9"]
[White "Naplava, Pavel"]
[Black "Jana, Martin"]
[Result "1-0"]
[WhiteElo "1976"]
[BlackElo "1751"]
[PlyCount "41"]
[EventDate "2009.03.07"]
[EventType "swiss"]
[EventRounds "9"]
[EventCountry "CZE"]
[SourceTitle "EXT 2011"]
[Source "ChessBase"]
[SourceDate "2010.11.26"]
[SourceVersion "1"]
[SourceVersionDate "2010.11.26"]
[SourceQuality "1"]

1. e4 c5 2. c3 Nc6 3. Nf3 d5 4. exd5 Qxd5 5. d4 cxd4 6. cxd4 Nf6 7. Nc3 Qa5 8. Bc4 e6 9. 0-0 Be7 10. Re1 0-0 11. Be3 a6 12. a3 b5 13. Bb3 Bb7 14. Qd3 Bd6 15. Bc2 Ne7 16. Bg5 Ng6 17. h4 Nf4 18. Qd2 N4d5 19. Nxd5 Qxd2 20. Nxf6+ gxf6 21. Bxd2 1-0

[Event "CZE-ch U16"]
[Site "Kouty nad Desnou"]
[Date "2009.03.10"]
[Round "5"]
[White "Naplava, Pavel"]
[Black "Luczyk, Petr"]
[Result "0-1"]
[WhiteElo "1976"]
[BlackElo "1767"]
[PlyCount "44"]
[EventDate "2009.03.07"]
[EventType "swiss"]
[EventRounds "9"]
[EventCountry "CZE"]
[SourceTitle "EXT 2011"]
[Source "ChessBase"]
[SourceDate "2010.11.26"]
[SourceVersion "1"]
[SourceVersionDate "2010.11.26"]
[SourceQuality "1"]

1. e4 c5 2. c3 e6 3. d4 cxd4 4. cxd4 d5 5. e5 Nc6 6. Nf3 Bd7 7. a3 a6 8. Nc3 Rc8 9. Bd3 Nge7 10. 0-0 Na5 11. Bd2 b5 12. Ng5 Ng6 13. Qh5 Nc4 14. Nxf7 Kxf7 15. Bc1 Qh4 16. Bxg6+ hxg6 17. Qf3+ Kg8 18. Bf4 Nd2 19. Qe3 Nxf1 20. Rxf1 b4 21. Bg3 Qh6 22. Bf4 g5 0-1

[Event "CZE-ch U16"]
[Site "Kouty nad Desnou"]
[Date "2009.03.07"]
[Round "1"]
[White "Naplava, Pavel"]
[Black "Bures, Jaroslav"]
[Result "1/2-1/2"]
[WhiteElo "1976"]
[BlackElo "2284"]
[PlyCount "79"]
[EventDate "2009.03.07"]
[EventType "swiss"]
[EventRounds "9"]
[EventCountry "CZE"]
[SourceTitle "EXT 2011"]
[Source "ChessBase"]
[SourceDate "2010.11.26"]
[SourceVersion "1"]
[SourceVersionDate "2010.11.26"]
[SourceQuality "1"]

1. e4 c6 2. c4 d5 3. exd5 cxd5 4. cxd5 Nf6 5. Nc3 Nxd5 6. d4 Nc6 7. Bc4 Nb6 8. Bb5 a6 9. Bxc6+ bxc6 10. Nf3 Be6 11. 0-0 g6 12. Re1 Bg7 13. Ne5 Qc7 14. Bf4 Qb7 15. Rc1 0-0 16. Ne4 Bd5 17. Nc5 Qc8 18. a4 Qf5 19. Qd2 g5 20. Bg3 Nc8 21. Qc2 Qxc2 22. Rxc2 e6 23. h4 h6 24. Rec1 Ne7 25. hxg5 hxg5 26. Ncd7 Rfd8 27. Nb6 Ra7 28. Nxd5 cxd5 29. Rc7 Rda8 30. a5 Nf5 31. Nxf7 Nxg3 32. fxg3 Bxd4+ 33. Kh2 Kg7 34. Nxg5+ Kf6 35. Rxa7 Rxa7 36. Nh3 Bxb2 37. Rc6 Be5 38. Nf4 Bxf4 39. gxf4 Kf5 40. Kg3 1/2-1/2

[Event "Stare Mesto op"]
[Site "Stare Mesto"]
[Date "2008.08.14"]
[Round "8"]
[White "Naplava, Pavel"]
[Black "Vavruska, Antonin"]
[Result "0-1"]
[WhiteElo "1948"]
[BlackElo "2129"]
[PlyCount "86"]
[EventDate "2008.08.08"]
[EventType "swiss"]
[EventRounds "10"]
[EventCountry "CZE"]
[SourceTitle "CBM 125 Extra"]
[Source "ChessBase"]
[SourceDate "2008.09.01"]
[SourceVersion "1"]
[SourceVersionDate "2008.09.01"]
[SourceQuality "1"]

1. e4 c5 2. c3 e5 3. Nf3 Nc6 4. Bb5 a6 5. Bxc6 dxc6 6. 0-0 Bg4 7. h3 Bxf3 8. Qxf3 Nf6 9. d3 Be7 10. Qg3 Qd6 11. f4 Nh5 12. Qf3 Nxf4 13. Bxf4 exf4 14. Na3 g5 15. Rae1 0-0-0 16. Rd1 Qe6 17. Nc4 h5 18. b3 b5 19. Na5 Kc7 20. Qf2 Rd7 21. Rd2 Rhd8 22. Rfd1 Bd6 23. b4 f3 24. Qxf3 g4 25. hxg4 hxg4 26. Qe3 Qe5 27. bxc5 Qh2+ 28. Kf1 Bf4 29. Qe2 Bxd2 30. Rxd2 Qf4+ 31. Qf2 Qxf2+ 32. Rxf2 Rxd3 33. Rxf7+ R8d7 34. Rf6 Rxc3 35. Rxc6+ Kd8 36. Rxa6 Rxc5 37. Kf2 Rc3 38. Nc6+ Kc7 39. Nb4 Kb7 40. Rg6 Rd2+ 41. Ke1 Rxg2 42. Rb6+ Kc7 43. Kd1 Rh3 0-1